[Event "Titled Tue 3rd Jan Late"]
[Site "chess.com INT"]
[Date "2025.06.03"]
[Round "8"]
[White "Gabrielian, Artur"]
[Black "Bortnyk, Olexandr"]
[Result "0-1"]
[WhiteTitle "GM"]
[BlackTitle "GM"]
[WhiteElo "2419"]
[BlackElo "2601"]
[WhiteFideId "4131002"]
[BlackFideId "14120828"]
[EventDate "2025.06.03"]

1. Nf3 Nf6 2. g3 b6 3. Bg2 Bb7 4. O-O g6 5. d3 d5 6. c4 e6 7. b3 Bg7 8. Bb2 O-O
9. Nbd2 c5 10. Ne5 Nc6 11. Nxc6 Bxc6 12. cxd5 Bxd5 13. e4 Bb7 14. Nc4 Qe7 15.
Qe2 Rfd8 16. Rad1 Ne8 17. Bxg7 Kxg7 18. f4 Nd6 19. Qb2+ Kg8 20. Ne3 Nb5 21. Ng4
Nd4 22. Rde1 h5 23. Ne5 a5 24. Re3 Qc7 25. g4 hxg4 26. Nxg4 Kg7 27. Qf2 Rh8 28.
Rg3 Rh5 29. Ne5 Rah8 30. h3 Ba6 31. Re1 Rxe5 32. fxe5 Qxe5 33. h4 Rh5 34. Rf1
Ne2+ 35. Qxe2 Qxg3 36. Rf3 Qxh4 37. Qb2+ e5 38. Qd2 Rg5 39. a3 Rg4 40. b4 Qg5
41. Qf2 Rf4 42. bxc5 Rxf3 43. Qxf3 Qc1+ 44. Kh2 Qxc5 45. Qg3 Qd6 46. a4 Bxd3 47.
Qe3 b5 48. axb5 Bxb5 49. Qa7 a4 50. Bf3 a3 51. Qa5 Bc4 0-1

[Event "Titled Tue 3rd Jan Late"]
[Site "chess.com INT"]
[Date "2025.06.03"]
[Round "8"]
[White "Yazici, Ugur Doga"]
[Black "Bian, Alex"]
[Result "0-1"]
[WhiteTitle "CM"]
[BlackTitle "FM"]
[WhiteElo "2161"]
[BlackElo "2342"]
[WhiteFideId "6363342"]
[BlackFideId "2056372"]
[EventDate "2025.06.03"]

1. e4 c5 2. Nf3 g6 3. d4 cxd4 4. Qxd4 Nf6 5. Nc3 Nc6 6. Qa4 d6 7. e5 Ng4 8. exd6
Bg7 9. h3 Nf6 10. Bf4 Nh5 11. Bh2 O-O 12. O-O-O Bxc3 13. bxc3 exd6 14. g4 Qf6
15. Rd3 Ng7 16. Bxd6 Rd8 17. Qf4 Qe6 18. Kb2 Na5 19. Rd4 Qe8 20. Bb4 Nc6 21.
Rxd8 Qxd8 22. Bc4 Be6 23. Bb3 Rc8 24. Ng5 Bxb3 25. axb3 Qd7 26. Ne4 Ne8 27. Bc5
b6 28. Be3 Qe6 29. Ng5 Qe7 30. Re1 Nf6 31. Bd2 Qd8 32. c4 h6 33. Bc3 hxg5 34.
Qxf6 Qxf6 35. Bxf6 Kf8 36. Bxg5 Nd4 37. Rd1 Ne6 38. Bf6 Ke8 39. h4 Rc6 40. h5
gxh5 41. gxh5 Kf8 42. h6 Kg8 43. Rd7 Nc5 44. Rd8+ Kh7 45. Bg5 Ne6 46. Rd5 Nxg5
47. Rxg5 Kxh6 48. Rf5 Kg6 49. Rd5 Rf6 50. Rd2 Re6 51. Rd3 Kg5 52. Rf3 f5 53. Kc3
f4 54. Kd3 Kg4 0-1

[Event "Titled Tue 3rd Jan Late"]
[Site "chess.com INT"]
[Date "2025.06.03"]
[Round "8"]
[White "Walmer, Benjamin"]
[Black "Gurevich, Dmitry"]
[Result "1-0"]
[BlackTitle "GM"]
[WhiteElo "1990"]
[BlackElo "2347"]
[WhiteFideId "30958164"]
[BlackFideId "2000407"]
[EventDate "2025.06.03"]

1. e4 c5 2. c3 d5 3. exd5 Nf6 4. Bb5+ Nbd7 5. c4 a6 6. Bxd7+ Qxd7 7. Nf3 e6 8.
Qe2 Be7 9. dxe6 Qxe6 10. d3 Qxe2+ 11. Kxe2 O-O 12. Be3 b5 13. Nc3 Ng4 14. Nd5
Bd6 15. b3 Be6 16. Nc3 Ne5 17. Ne4 Nxf3 18. Nxd6 Nd4+ 19. Bxd4 cxd4 20. Kd2 Rfd8
21. Ne4 h6 22. Rhe1 Kf8 23. f4 a5 24. Nc5 Bf5 25. cxb5 Rd5 26. Na4 Rxb5 27. Rac1
g5 28. fxg5 hxg5 29. Rc7 Be6 30. Nc5 Bd5 31. Re5 Rd8 32. Nd7+ Kg7 33. Rxg5+ Kh6
34. h4 a4 35. Nf6 axb3 36. axb3 Rd6 37. Ng4+ Kh7 38. Rxf7+ Bxf7 39. Rxb5 Rg6 40.
Rg5 Rxg5 41. hxg5 Bxb3 42. Ne5 Kg7 43. Ke2 Bd5 44. Kf2 Kf8 45. g4 Ke7 46. Kg3
Ke6 47. Kf4 Bb7 48. Nf3 Kd5 49. g6 Ke6 50. g5 Ba6 51. Nxd4+ Ke7 52. Nf5+ Kf8 53.
d4 Bc4 54. Ke5 Kg8 55. Kf6 1-0

[Event "Titled Tue 3rd Jan Late"]
[Site "chess.com INT"]
[Date "2025.06.03"]
[Round "8"]
[White "Alizadeh, Mohammad Mahdi"]
[Black "Goryachkina, Aleksandra"]
[Result "0-1"]
[WhiteTitle "CM"]
[BlackTitle "GM"]
[WhiteElo "2015"]
[BlackElo "2544"]
[WhiteFideId "22598820"]
[BlackFideId "4147103"]
[EventDate "2025.06.03"]

1. Nf3 Nf6 2. g3 g6 3. Bg2 Bg7 4. O-O O-O 5. d4 d6 6. c4 c6 7. Nc3 Bf5 8. b3 Ne4
9. Bb2 d5 10. e3 Nxc3 11. Bxc3 Be4 12. Qd2 Nd7 13. Rac1 Nf6 14. Qb2 a6 15. Rfd1
Rc8 16. Qa3 e6 17. Qb4 Qc7 18. a4 Rfd8 19. a5 Bf8 20. Qa4 h6 21. Bb4 Nd7 22.
Bxf8 Rxf8 23. Qb4 Kg7 24. Rd2 g5 25. Ne1 Bxg2 26. Kxg2 Nf6 27. Nd3 Ne4 28. Rdd1
h5 29. f3 Nd6 30. Qe1 g4 31. Qe2 f5 32. Nf4 Qf7 33. h4 Rfe8 34. c5 Nb5 35. Rf1
Re7 36. Nd3 Qe8 37. Ne5 Kg8 38. Kh2 Rg7 39. Qe1 Qe7 40. e4 Nxd4 41. fxg4 dxe4
42. Qe3 Rd8 43. Rcd1 Qxc5 44. gxh5 Qxe5 45. h6 Rg4 46. Rf4 Nf3+ 47. Rxf3 Rxd1
48. Rf2 Rd3 49. h7+ Kxh7 0-1

[Event "Titled Tue 3rd Jan Late"]
[Site "chess.com INT"]
[Date "2025.06.03"]
[Round "8"]
[White "Distaso, Antonio Pio"]
[Black "Yushko, Olga"]
[Result "1-0"]
[BlackTitle "WFM"]
[WhiteElo "2253"]
[BlackElo "2036"]
[WhiteFideId "805548"]
[BlackFideId "14114500"]
[EventDate "2025.06.03"]

1. e4 Nf6 2. e5 Nd5 3. d4 d6 4. c4 Nb6 5. f4 dxe5 6. fxe5 Bf5 7. Be3 e6 8. Nc3
Bb4 9. Be2 c5 10. dxc5 Qxd1+ 11. Rxd1 Na4 12. Nf3 Nxb2 13. Rc1 Bd3 14. Bd2 Bxe2
15. Kxe2 Bxc3 16. Bxc3 Nxc4 17. Bb4 a5 18. Be1 Na3 19. Rc3 Nb5 20. Rb3 Nc7 21.
Rxb7 Nba6 22. Bxa5 Nd5 23. Bb6 O-O 24. a4 Rfc8 25. Rc1 Nxb6 26. Rxb6 Nxc5 27.
Rb4 Na6 28. Rbc4 Rcb8 29. Nd4 Rb2+ 30. Kf3 g5 31. Nb5 g4+ 32. Kxg4 Rxg2+ 33. Kh3
Ra2 34. Nd6 Ra3+ 35. Kh4 Ra2 36. h3 Rb2 37. Rg1+ Kf8 38. Rf1 Rb4 39. Rxf7+ Kg8
40. Rxb4 Nxb4 41. Rf4 Rxa4 42. Rg4+ Kf8 43. Kg5 Ra5 44. Kf6 Nd5+ 45. Kxe6 Nc7+
46. Kd7 Ra7 47. Rf4+ Kg8 48. Kc6 Ne6 49. Rg4+ Kf8 50. Kd5 Ke7 51. Nf5+ Kf7 52.
Nh6+ 1-0

[Event "Titled Tue 3rd Jan Late"]
[Site "chess.com INT"]
[Date "2025.06.03"]
[Round "8"]
[White "Przybylski, Wojciech"]
[Black "Cagliumi, Rodrigo Cesar"]
[Result "0-1"]
[WhiteTitle "FM"]
[WhiteElo "2340"]
[BlackElo "2121"]
[WhiteFideId "1117599"]
[BlackFideId "2109573"]
[EventDate "2025.06.03"]

1. e4 e5 2. Nf3 d6 3. Bc4 Be7 4. d4 exd4 5. c3 d3 6. Ng5 Bxg5 7. Qh5 d2+ 8. Bxd2
Bxd2+ 9. Nxd2 Qe7 10. O-O-O Nf6 11. Qf3 Bg4 12. Qg3 Bxd1 13. Rxd1 g6 14. f4 Nc6
15. Re1 O-O-O 16. Qf2 Kb8 17. b4 Rhe8 18. Bd3 Ng4 19. Qf3 f5 20. Re2 Qf6 21. Kc2
Nxh2 22. Qg3 Ng4 23. b5 Na5 24. Qf3 h5 25. Re1 Qf7 26. Kb1 Nf6 27. e5 dxe5 28.
fxe5 Nd5 29. Bc2 Qe7 30. Kb2 Qc5 31. a4 Nc4+ 32. Nxc4 Qxc4 33. Bb3 Qc5 34. e6
Re7 35. Re5 c6 36. Qg3 Qd6 37. Qe1 Rde8 38. bxc6 bxc6 39. c4 Rxe6 40. Rxe6 Rxe6
41. Qd2 Nb6 42. Qg5 Qe5+ 43. Ka3 Qf6 44. Qf4+ Kb7 45. a5 Nd7 46. Qc1 Qe7+ 47.
Kb2 Qb4 48. Qd1 Nc5 49. a6+ Kxa6 50. Qb1 Qxb3+ 51. Ka1 Qxb1+ 52. Kxb1 Re2 53.
Kc1 Ka5 54. g3 Kb4 55. g4 h4 56. Kb1 h3 57. g5 h2 58. Kc1 h1=Q# 0-1

[Event "Titled Tue 3rd Jan Late"]
[Site "chess.com INT"]
[Date "2025.06.03"]
[Round "8"]
[White "Bustelo, Tabare"]
[Black "Montano Vicente, Guadalupe"]
[Result "0-1"]
[WhiteTitle "CM"]
[WhiteElo "2043"]
[BlackElo "1940"]
[WhiteFideId "3000362"]
[BlackFideId "5181399"]
[EventDate "2025.06.03"]

1. d4 Nf6 2. Bg5 Ne4 3. h4 c5 4. dxc5 Qa5+ 5. Nd2 Nxc5 6. e4 Nxe4 7. Nf3 Nxd2 8.
Nxd2 h6 9. Be3 Nc6 10. Bc4 d5 11. Bb3 e5 12. Qf3 Be6 13. O-O-O O-O-O 14. Nb1 Bc5
15. Bd2 Qb6 16. Rhf1 Bd4 17. Nc3 e4 18. Qg3 a6 19. Bf4 Rd7 20. Rxd4 Qxd4 21. Rd1
Qf6 22. Bxd5 Rhd8 23. Bxc6 Rxd1+ 24. Nxd1 bxc6 25. Qe3 Qd4 26. Qe2 Bc4 27. Qd2
Qxd2+ 28. Bxd2 Bd5 29. Ne3 g6 30. c4 Be6 31. b3 f5 32. g3 Kb7 33. Kc2 Rg8 34.
Ng2 g5 35. hxg5 hxg5 36. Kc3 c5 37. a3 a5 38. b4 axb4+ 39. axb4 cxb4+ 40. Kxb4
Kc6 41. Ne3 Rb8+ 42. Kc3 Rd8 43. Kc2 Rd7 44. Bb4 Rg7 45. Nd1 Bxc4 46. Nc3 Be6
47. Kd2 Rd7+ 48. Ke2 Rd3 49. Nd1 Rb3 50. Bd2 g4 51. Bf4 Rb5 52. Ne3 Rb2+ 53. Kd1
Kb5 54. Ke1 Ka4 55. Nd1 Rc2 56. Be3 Kb3 57. Kf1 Bc4+ 58. Ke1 Re2+ 59. Kf1 Rxe3+
60. Kg2 Rd3 61. Ne3 Rxe3 62. fxe3 Kc2 63. Kf2 Kd3 64. Kg2 Kxe3 0-1

[Event "Titled Tue 3rd Jan Late"]
[Site "chess.com INT"]
[Date "2025.06.03"]
[Round "8"]
[White "Yurtseven, Melih"]
[Black "Alvarado, Carlos"]
[Result "1-0"]
[WhiteTitle "IM"]
[BlackTitle "CM"]
[WhiteElo "2339"]
[BlackElo "2032"]
[WhiteFideId "6312160"]
[BlackFideId "3800555"]
[EventDate "2025.06.03"]

1. Nf3 d5 2. g3 Nf6 3. Bg2 c6 4. d3 Bg4 5. O-O Bxf3 6. Bxf3 Nbd7 7. Nd2 e6 8. e4
Be7 9. Bg2 h5 10. h3 h4 11. g4 dxe4 12. Nxe4 Nxe4 13. Bxe4 Nc5 14. Bg2 Qc7 15.
b4 Nd7 16. Bd2 Bd6 17. Rb1 a6 18. a4 Bf4 19. Bc3 Bh2+ 20. Kh1 Be5 21. d4 Bf4 22.
Re1 O-O 23. Qf3 Nf6 24. Re2 Nh7 25. Rbe1 Ng5 26. Qd3 Rfd8 27. Qc4 Rac8 28. Bb2
b5 29. Qb3 a5 30. axb5 cxb5 31. bxa5 Qxa5 32. d5 Bd2 33. Ra1 Qb4 34. Rd1 Bc3 35.
f4 Qxb3 36. cxb3 Bxb2 37. Rxb2 Nh7 38. Rbd2 Nf8 39. d6 b4 40. Rd4 Rb8 41. Bc6
Rb6 42. Ba4 Ng6 43. Kg2 e5 44. fxe5 Nxe5 45. d7 f6 46. Rd6 Rb7 47. g5 Kf7 48.
gxf6 gxf6 49. Rf1 Ke7 50. Rdxf6 Rg8+ 51. Kh1 Rbb8 52. R6f5 Ke6 53. R5f4 Rh8 54.
Re1 Kd6 55. Rd4+ Kc5 56. d8=Q Rbxd8 57. Rxd8 1-0

[Event "Titled Tue 3rd Jan Late"]
[Site "chess.com INT"]
[Date "2025.06.03"]
[Round "8"]
[White "Lacasa Diaz, Josep Anton"]
[Black "Ghoreishi Amiri, Seyed Kian"]
[Result "0-1"]
[WhiteTitle "IM"]
[BlackTitle "CM"]
[WhiteElo "2304"]
[BlackElo "2215"]
[WhiteFideId "2203375"]
[BlackFideId "36757527"]
[EventDate "2025.06.03"]

1. e4 c5 2. Nf3 g6 3. c3 Bg7 4. d4 cxd4 5. cxd4 d6 6. h3 Nf6 7. Nc3 O-O 8. Be2
b5 9. Bxb5 Qa5 10. Bd3 Ba6 11. O-O Bxd3 12. Qxd3 Nbd7 13. a3 Rab8 14. Re1 e5 15.
dxe5 dxe5 16. Qe2 Rfc8 17. Bg5 h6 18. Bxf6 Nxf6 19. Rad1 Nh5 20. g3 Nf6 21. Nd5
Nxd5 22. Rxd5 Qb6 23. b4 Rc3 24. Ra5 Rbc8 25. Rd1 Rc2 26. Rd2 R2c3 27. Kg2 h5
28. h4 Bf6 29. Nxe5 Qe6 30. Nd7 Bg7 31. Nc5 Qe5 32. Rxa7 Rc1 33. Rd1 Rc3 34.
Rdd7 Rf8 35. Rd3 Rc1 36. Rd1 Rc3 37. Nd7 Qe7 38. Nxf8 Qxa7 39. Nd7 Qxa3 40. b5
Qb3 41. b6 Rc2 42. Qf3 Qb5 43. Rd5 Qb1 44. Nf6+ Bxf6 45. Qxf6 Rc8 46. Rd8+ Rxd8
47. Qxd8+ Kg7 48. Qd4+ Kg8 49. Qd8+ Kg7 50. Qd4+ Kg8 51. Kf3 Qb3+ 52. Qe3 Qb4
53. Kg2 Kg7 54. e5 Qb5 55. e6 Qc6+ 56. Qf3 Qxe6 57. b7 Qb6 58. Qe4 Kh7 59. Kh2
Qb5 0-1

[Event "Titled Tue 3rd Jan Late"]
[Site "chess.com INT"]
[Date "2025.06.03"]
[Round "8"]
[White "Araujo Filho, Luiz Antonio Coel"]
[Black "Shi, Roger V"]
[Result "1-0"]
[WhiteElo "2077"]
[BlackElo "2137"]
[WhiteFideId "2130661"]
[BlackFideId "30980119"]
[EventDate "2025.06.03"]

1. d4 d5 2. Nf3 c5 3. e3 Nf6 4. c3 e6 5. Nbd2 Nc6 6. Bd3 Be7 7. Qe2 O-O 8. dxc5
Bxc5 9. e4 Re8 10. O-O dxe4 11. Nxe4 Nxe4 12. Bxe4 h6 13. Bc2 b6 14. Qe4 Bb7 15.
Qh7+ Kf8 16. Qh8+ Ke7 17. Qxg7 Rg8 18. Qxh6 Qd5 19. Qh4+ Ke8 20. Be4 Qd7 21. Bg5
Ne7 22. Rad1 Qc7 23. Bf4 Qc8 24. Bxb7 Qxb7 25. Ne1 Nd5 26. Be5 b5 27. g3 Be7 28.
Qe4 f5 29. Qf3 Qb6 30. b3 Rc8 31. Nd3 Nf6 32. Nf4 Ne4 33. Bd4 Qc6 34. Rfe1 Bg5
35. Qh5+ Ke7 36. Ng6+ Rxg6 37. Qxg6 Rf8 38. f3 Nd6 39. Qxg5+ Kd7 40. Qe3 Kc7 41.
c4 b4 42. Be5 Rd8 43. Qf4 Rd7 44. Bxd6+ Rxd6 45. Qxd6+ Qxd6 46. Rxd6 Kxd6 47.
Kf2 e5 48. Ke3 e4 49. fxe4 fxe4 50. Kxe4 Kc5 51. Rd1 Kb6 52. Rd5 Ka6 53. h4 Kb6
54. h5 a6 55. h6 a5 56. h7 a4 57. h8=Q axb3 58. axb3 Kc6 59. Qf6+ Kc7 60. Qe7+
Kc8 61. Rd8# 1-0

[Event "Titled Tue 3rd Jan Late"]
[Site "chess.com INT"]
[Date "2025.06.03"]
[Round "8"]
[White "Brancaleoni, Maurizio"]
[Black "Chekletsov, Ilya"]
[Result "1/2-1/2"]
[WhiteTitle "FM"]
[BlackTitle "IM"]
[WhiteElo "2185"]
[BlackElo "2338"]
[WhiteFideId "803022"]
[BlackFideId "24177156"]
[EventDate "2025.06.03"]

1. Nf3 Nf6 2. c4 e6 3. b3 a6 4. Bb2 b5 5. e3 b4 6. Be2 Bb7 7. O-O a5 8. d3 Be7
9. e4 d6 10. Nbd2 e5 11. Qc2 c5 12. g3 Nc6 13. Nh4 Bc8 14. Bf3 h5 15. Bg2 g5 16.
Nf5 Bxf5 17. exf5 Rc8 18. Bxc6+ Rxc6 19. Ne4 g4 20. f3 Kd7 21. a3 h4 22. axb4
hxg3 23. b5 gxh2+ 24. Kh1 Rc8 25. Nxf6+ Bxf6 26. fxg4 Qg8 27. Qg2 Rh4 28. g5
Qxg5 29. Qxg5 Bxg5 30. Rxa5 Rh3 31. Ra7+ Rc7 32. b6 Rxa7 33. bxa7 Rh8 34. Ra1
Ra8 35. Kxh2 Kc7 36. Kg3 Kb6 37. Kg4 Bf6 38. Kf3 Rxa7 39. Rxa7 Kxa7 40. Ke4 Kb6
41. Kd5 Kc7 42. Bc3 Kd7 43. Ba5 Bg5 44. Bb6 Be7 45. Ba7 Kc7 46. Ke4 Kb7 47. Kd5
Kxa7 48. Kc6 Ka6 49. Kd7 Bf8 50. Ke8 Bh6 51. Kxf7 Ka5 52. Kg6 Bf8 53. Kf7 Bh6
54. Kg6 Bf8 55. f6 Kb4 56. Kf7 Bh6 57. Kg6 Bf8 58. Kf7 Bh6 59. Kg6 Bf8 1/2-1/2

[Event "Titled Tue 3rd Jan Late"]
[Site "chess.com INT"]
[Date "2025.06.03"]
[Round "8"]
[White "Askarov, Bakhtiyar"]
[Black "Popov, Konstantin"]
[Result "1/2-1/2"]
[WhiteTitle "IM"]
[BlackTitle "FM"]
[WhiteElo "2300"]
[BlackElo "2378"]
[WhiteFideId "13701100"]
[BlackFideId "34137910"]
[EventDate "2025.06.03"]

1. d4 Nf6 2. Nf3 b6 3. g3 Bb7 4. Bg2 g6 5. O-O Bg7 6. c4 O-O 7. Nc3 Ne4 8. Na4
Qc8 9. Qc2 f5 10. Rd1 d6 11. b3 Nd7 12. Bb2 Ndf6 13. d5 c6 14. dxc6 Bxc6 15. Nc3
Nxc3 16. Bxc3 Qb7 17. Qb2 Rac8 18. a4 Be4 19. a5 b5 20. a6 Qb8 21. cxb5 Qxb5 22.
Bd4 Rc2 23. Qa3 Qxe2 24. Re1 Qd3 25. Rad1 Qb5 26. Bxa7 Ng4 27. h3 Ra8 28. hxg4
Rxa7 29. b4 Rxa6 30. Qb3+ Qc4 31. Qxc4+ Rxc4 32. Bf1 Rac6 33. Bxc4+ Rxc4 34. Nd2
Rxb4 35. gxf5 gxf5 36. Nxe4 fxe4 37. Rb1 Ra4 38. Rb7 Kf7 39. f3 e3 40. Rxe3 Bd4
41. Rxe7+ Kf6 42. Re6+ Kf5 43. Kg2 Bxe3 44. Rxe3 Ra2+ 45. Kh3 Rf2 46. Rd3 Ke5
47. f4+ Ke6 48. Kg4 d5 49. Re3+ Kd6 50. Re8 d4 51. Rd8+ Kc5 52. Rd7 Rh2 53. Kf3
h5 54. f5 Rh1 55. Kg2 Ra1 56. f6 Ra6 57. f7 Rf6 58. Kh3 Kc6 59. Rxd4 Rxf7 60.
Kh4 Rf5 61. g4 hxg4 62. Kxg4 Rc5 63. Rf4 Kb5 64. Rf5 Rxf5 65. Kxf5 1/2-1/2

[Event "Titled Tue 3rd Jan Late"]
[Site "chess.com INT"]
[Date "2025.06.03"]
[Round "8"]
[White "Chen, Yidong"]
[Black "Hartge, Gedeon"]
[Result "1/2-1/2"]
[BlackTitle "FM"]
[WhiteElo "2038"]
[BlackElo "2328"]
[WhiteFideId "8607028"]
[BlackFideId "12932116"]
[EventDate "2025.06.03"]

1. e4 Nf6 2. e5 Nd5 3. c4 Nb6 4. d4 d6 5. exd6 exd6 6. Nc3 Be7 7. Bd3 O-O 8. h3
Bf6 9. Nge2 Na6 10. a3 c6 11. O-O Nc7 12. Be3 Be6 13. b3 d5 14. c5 Nd7 15. b4 a6
16. a4 Re8 17. Qc2 Nf8 18. b5 axb5 19. axb5 Re7 20. Qb2 Ne8 21. Rxa8 Qxa8 22.
Ra1 Qc8 23. Ra7 Bf5 24. Bxf5 Qxf5 25. bxc6 bxc6 26. Rxe7 Bxe7 27. Qb7 Qd7 28.
Qa8 Nc7 29. Qb8 Ne6 30. Na4 Qc7 31. Qa8 h6 32. Nb6 Kh7 33. Nc8 Bf6 34. Na7 Nd8
35. Bf4 Qd7 36. Qb8 Nfe6 37. Be3 Qc7 38. Qxc7 Nxc7 39. Nc8 Nb5 40. Kf1 Ne6 41.
Nd6 Kg6 42. Nxb5 cxb5 43. Ke1 Kf5 44. Kd2 Nd8 45. Kc3 Nc6 46. f3 g5 47. Kd3 Ke6
48. Nc3 b4 49. Nb5 Bg7 50. Nc7+ Kd7 51. Nxd5 f5 52. Kc4 f4 53. Bf2 b3 54. Kxb3
Bxd4 55. Bxd4 Nxd4+ 56. Kc4 Nf5 57. Nf6+ Kc6 58. Ng4 h5 59. Ne5+ Kc7 60. Nf7 g4
61. hxg4 hxg4 62. Ne5 Ne3+ 63. Kd4 g3 64. Ng6 Nxg2 65. Ke4 Kc6 66. Kf5 Kxc5 67.
Kg4 Ne1 68. Nxf4 g2 69. Nxg2 Nxg2 70. f4 Nxf4 1/2-1/2

[Event "Titled Tue 3rd Jan Late"]
[Site "chess.com INT"]
[Date "2025.06.03"]
[Round "8"]
[White "Tikhonov, Viacheslav"]
[Black "Yue, Tariq"]
[Result "0-1"]
[WhiteTitle "CM"]
[BlackTitle "CM"]
[WhiteElo "2183"]
[BlackElo "2192"]
[WhiteFideId "44196407"]
[BlackFideId "30975182"]
[EventDate "2025.06.03"]

1. e4 c5 2. Nf3 d6 3. Nc3 Nc6 4. d4 cxd4 5. Nxd4 Nf6 6. Nxc6 bxc6 7. Bd3 g6 8.
O-O Bg7 9. Rb1 O-O 10. h3 d5 11. exd5 cxd5 12. Re1 e6 13. Bf4 Bd7 14. Be5 Bc6
15. Ne2 Qb6 16. Nd4 Nd7 17. Bxg7 Kxg7 18. c3 e5 19. Nxc6 Qxc6 20. c4 Rad8 21.
cxd5 Qxd5 22. Qe2 f6 23. Bc4 Qa5 24. b4 Qc7 25. Bb3 Nb6 26. a4 Qe7 27. a5 Nd5
28. Bxd5 Rxd5 29. b5 Rb8 30. b6 Rxa5 31. bxa7 Rxb1 32. Rxb1 Rxa7 33. Qe4 Rd7 34.
g3 Qf7 35. h4 Qd5 36. Qxd5 Rxd5 37. Rb7+ Kh6 38. Rb2 Rd7 39. Kg2 f5 40. Rb6 e4
41. Ra6 Kh5 42. Ra5 h6 43. Ra6 g5 44. hxg5 hxg5 45. Ra4 Rd2 46. Ra3 Kg4 47. Rb3
f4 48. gxf4 gxf4 49. Ra3 e3 50. Kg1 Rxf2 51. Ra8 Rb2 52. Rg8+ Kf3 53. Kh1 e2 54.
Rg1 Kf2 55. Rg2+ Ke3 56. Rg1 f3 57. Ra1 f2 58. Ra3+ Kd2 59. Kh2 f1=Q 60. Rg3
Qf2+ 61. Kh1 e1=Q+ 62. Rg1 Qexg1# 0-1

[Event "Titled Tue 3rd Jan Late"]
[Site "chess.com INT"]
[Date "2025.06.03"]
[Round "8"]
[White "Radchenko, Alexey"]
[Black "Ambrogi, Agustin"]
[Result "0-1"]
[WhiteTitle "FM"]
[BlackTitle "FM"]
[WhiteElo "2293"]
[BlackElo "2237"]
[WhiteFideId "4192362"]
[BlackFideId "170933"]
[EventDate "2025.06.03"]

1. d4 d5 2. c4 e6 3. Nc3 Nf6 4. Nf3 dxc4 5. e4 b5 6. e5 Nd5 7. Nxb5 Nb6 8. Be2
Bb7 9. O-O Be7 10. a4 a5 11. Na3 Bd5 12. Qc2 Nc6 13. Nxc4 Bxf3 14. Bxf3 Nxd4 15.
Qc3 Nxf3+ 16. Qxf3 Qd5 17. Qxd5 Nxd5 18. Bd2 Bb4 19. Bxb4 Nxb4 20. Rac1 Kd7 21.
Rfd1+ Nd5 22. Ne3 c6 23. Nc4 Rhb8 24. Rd2 Rb4 25. g3 Kc7 26. Nd6 f5 27. Nb5+ Kb6
28. Nd4 Rxd4 29. Rxd4 Ra6 30. h3 Kb7 31. g4 f4 32. Rc2 g5 33. Kg2 Rb6 34. h4 h6
35. hxg5 hxg5 36. Kf3 Rb3+ 37. Ke2 f3+ 38. Kd2 Nb4 39. Rc3 Rxb2+ 40. Ke3 Nd5+
41. Rxd5 cxd5 42. Kd4 Rxf2 43. Kc5 Rf1 44. Kd6 f2 45. Rb3+ Ka6 46. Rf3 d4 47.
Kxe6 d3 48. Rxd3 Re1 49. Rf3 f1=Q 50. Rxf1 Rxf1 51. Kd7 Rf4 52. e6 Rxg4 53. e7
Re4 54. e8=Q Rxe8 55. Kxe8 g4 56. Kd7 g3 57. Kd6 g2 58. Kd5 g1=Q 59. Kc4 Qb1 60.
Kc5 Qb4+ 61. Kd5 Qxa4 62. Ke5 Qb4 63. Kf5 a4 64. Kg5 a3 65. Kg6 a2 66. Kh7 a1=Q
67. Kg8 Qf6 68. Kh7 Qbe7+ 69. Kg8 Qff8# 0-1

[Event "Titled Tue 3rd Jan Late"]
[Site "chess.com INT"]
[Date "2025.06.03"]
[Round "8"]
[White "Andrews, Todd"]
[Black "Albores, Pablo"]
[Result "1/2-1/2"]
[WhiteTitle "FM"]
[BlackTitle "CM"]
[WhiteElo "2097"]
[BlackElo "2220"]
[WhiteFideId "2012456"]
[BlackFideId "105546"]
[EventDate "2025.06.03"]

1. e4 d6 2. d4 Nf6 3. Nc3 g6 4. f4 Bg7 5. Nf3 c5 6. d5 O-O 7. Be2 b5 8. e5 dxe5
9. fxe5 Ng4 10. Bf4 b4 11. Ne4 Nd7 12. O-O Ngxe5 13. Nxe5 Nxe5 14. Nxc5 Qa5 15.
Nb3 Qb6+ 16. Kh1 a5 17. Qd2 Ba6 18. Be3 Qc7 19. Nc5 Bxe2 20. Qxe2 Nd7 21. Nd3
Rac8 22. Rf2 Qc4 23. Qf3 Nf6 24. Nf4 Rcd8 25. Bb6 Rd7 26. Bxa5 Nxd5 27. Nxd5
Rxd5 28. Bb6 Bxb2 29. Raf1 Bd4 30. Bxd4 Rxd4 31. Qb7 Qxa2 32. Qxe7 Qd5 33. h3
Rd1 34. Rxd1 Qxd1+ 35. Kh2 Qd5 36. Kg1 Qe6 37. Qxb4 Re8 38. Qd2 Qe1+ 39. Qxe1
Rxe1+ 40. Rf1 Re2 41. Rf3 Rxc2 42. Kh2 Kg7 43. Kg3 h5 44. Rd3 Rc4 45. Ra3 h4+
46. Kf3 g5 47. g3 hxg3 48. Kxg3 Kg6 49. Ra6+ f6 50. Ra3 Rd4 51. Rb3 Rd1 52. Rc3
Rg1+ 53. Kf2 Rh1 54. Kg2 Re1 55. Kg3 Re5 56. Rb3 Kf5 57. Rf3+ Kg6 58. Ra3 Re6
59. Rb3 f5 60. Ra3 f4+ 61. Kg4 Rd6 62. h4 gxh4 63. Kxf4 Rd4+ 64. Kf3 Kg5 65.
Ra5+ Kf6 66. Kg2 Rd3 67. Kh2 h3 68. Rh5 Kg6 69. Rh4 Kg5 70. Rxh3 Rxh3+ 71. Kxh3 1/2-1/2

[Event "Titled Tue 3rd Jan Late"]
[Site "chess.com INT"]
[Date "2025.06.03"]
[Round "8"]
[White "Sanchez Negreiros, Jose Alberto"]
[Black "Grzesik, Gracjan"]
[Result "0-1"]
[WhiteTitle "FM"]
[BlackTitle "CM"]
[WhiteElo "2231"]
[BlackElo "2175"]
[WhiteFideId "3851516"]
[BlackFideId "1194593"]
[EventDate "2025.06.03"]

1. Nf3 Nf6 2. c4 e6 3. g3 b6 4. Bg2 Bb7 5. O-O Be7 6. d4 O-O 7. d5 exd5 8. Nh4
c6 9. cxd5 Nxd5 10. Nf5 Re8 11. e4 Nf6 12. e5 Nd5 13. Qg4 g6 14. Nd2 Kh8 15. Nh6
Rf8 16. Ne4 f5 17. exf6 Nxf6 18. Nxf6 Bxf6 19. Re1 d5 20. Qe6 Kg7 21. Ng4 Bc8
22. Bh6+ Kh8 23. Qxf6+ Rxf6 24. Nxf6 Bd7 25. Bh3 Qxf6 26. Re2 Kg8 27. Rae1 Qf7
28. Re7 Qxe7 29. Rxe7 Bxh3 30. Rg7+ Kh8 31. Rf7 Na6 32. f3 Re8 33. g4 Nc5 34.
Kf2 Ne6 35. Rxa7 Kg8 36. Kg3 Bf1 37. Rb7 b5 38. f4 Bd3 39. h4 Be4 40. b3 d4 41.
Kf2 Bd5 42. Rd7 d3 43. Ke3 Ra8 44. f5 gxf5 45. gxf5 Nc5 46. Rg7+ Kh8 47. Rg3
Re8+ 48. Kd4 Nd7 49. Kxd3 Be4+ 50. Kd4 Bxf5 51. Bg7+ Kg8 52. Be5+ Kf7 53. Rg7+
Ke6 54. Bf4 Re7 55. Rg5 c5+ 56. Kc3 Nf6 0-1

[Event "Titled Tue 3rd Jan Late"]
[Site "chess.com INT"]
[Date "2025.06.03"]
[Round "8"]
[White "Ozkan, Taha"]
[Black "Shandrygin, Nikita"]
[Result "1/2-1/2"]
[WhiteTitle "FM"]
[BlackTitle "FM"]
[WhiteElo "2247"]
[BlackElo "2209"]
[WhiteFideId "34577173"]
[BlackFideId "24198668"]
[EventDate "2025.06.03"]

1. d4 d5 2. Nf3 Nc6 3. c4 Bg4 4. e3 e5 5. cxd5 Qxd5 6. Nc3 Bb4 7. Be2 exd4 8.
exd4 Bxf3 9. Bxf3 Qc4 10. Bxc6+ bxc6 11. Qe2+ Qxe2+ 12. Kxe2 Nf6 13. Be3 O-O-O
14. Rac1 Rhe8 15. Kf3 Kb7 16. Na4 Nd5 17. a3 Bd6 18. g3 Re6 19. Bd2 Rde8 20.
Rhe1 Nb6 21. Rxe6 Rxe6 22. Nc5+ Bxc5 23. dxc5 Nd5 24. Rc4 f5 25. h4 g6 26. h5
Nf6 27. h6 Re8 28. Bg5 Ne4 29. Be3 Nf6 30. Rb4+ Ka8 31. Rb3 Nd5 32. Bd2 Re4 33.
Rd3 Rc4 34. Bf4 Kb7 35. b4 Ka6 36. Be5 Kb5 37. Bb2 a5 38. bxa5 Kxa5 39. Rd2 Re4
40. Re2 Rxe2 41. Kxe2 Kb5 42. Bd4 Kc4 43. Be3 Kb3 44. Kd3 Kxa3 45. Kd4 Kb4 46.
Ke5 Nxe3 47. fxe3 Kxc5 48. Kf6 Kd5 49. Kg7 c5 50. Kxh7 c4 51. Kxg6 c3 52. h7 c2
53. h8=Q c1=Q 54. Qd8+ Ke4 55. Qe7+ Kf3 56. Kxf5 c5 57. Qe4+ Kf2 58. Qf4+ Kg2
59. e4 Qc2 60. g4 c4 61. g5 Qd3 62. g6 Qd7+ 63. Kg5 Qd8+ 64. Qf6 Qd2+ 65. Kh5
Qe2+ 66. Kh6 Qe3+ 67. Qg5+ Qxg5+ 68. Kxg5 c3 69. g7 c2 70. g8=Q c1=Q+ 71. Kf5+
Kf3 72. Qd5 Qf4+ 73. Kg6 Qg4+ 74. Kf6 Qxe4 75. Qf5+ Qxf5+ 76. Kxf5 1/2-1/2